Distribución y crecimiento. Perspectivas de la economía argentina en 1993 (Registro nro. 25589)

Detalles MARC
000 -LEADER
fixed length control field 00368 a2200109 4500
001 - CONTROL NUMBER
control field ART_11452
005 - DATE AND TIME OF LATEST TRANSACTION
control field 20260410161857.0
008 - FIXED-LENGTH DATA ELEMENTS--GENERAL INFORMATION
fixed length control field 260409a
100 1# - MAIN ENTRY--PERSONAL NAME
Personal name Diaz Cafferata, Alberto M.
245 10 - TITLE STATEMENT
Title Distribución y crecimiento. Perspectivas de la economía argentina en 1993
773 0# - HOST ITEM ENTRY
Title Revista de Economía
Related parts - Nº 67 (abr./dic. 1992)
Record control number REV11077

No hay ítems disponibles.